Разработка интерактивного командного интерпретатора для взаимодействия с онтологическими базами знаний; Современные техника и технологии; Т. 2
| Parent link: | Современные техника и технологии: сборник трудов XV Международной научно-практической конференции студентов, аспирантов и молодых ученых, Томск, 4-8 мая 2009 г/ Национальный исследовательский Томский политехнический университет (ТПУ).— , 2009 Т. 2.— 2009.— [С. 208-209] |
|---|---|
| 1. autor: | |
| Kolejni autorzy: | |
| Streszczenie: | Заглавие с титульного листа Электронная версия печатной публикации |
| Język: | rosyjski |
| Wydane: |
2009
|
| Hasła przedmiotowe: | |
| Dostęp online: | http://www.lib.tpu.ru/fulltext/c/2009/C01/V2/105.pdf |
| Format: | Elektroniczne Rozdział |
| KOHA link: | https://koha.lib.tpu.ru/cgi-bin/koha/opac-detail.pl?biblionumber=246233 |
MARC
| LEADER | 00000naa2a2200000 4500 | ||
|---|---|---|---|
| 001 | 246233 | ||
| 005 | 20260116091341.0 | ||
| 035 | |a (RuTPU)RU\TPU\book\267676 | ||
| 035 | |a RU\TPU\book\267570 | ||
| 090 | |a 246233 | ||
| 100 | |a 20131127d2009 k y0rusy50 ca | ||
| 101 | 0 | |a rus | |
| 102 | |a RU | ||
| 135 | |a drnn ---uucaa | ||
| 181 | 0 | |a i | |
| 182 | 0 | |a b | |
| 200 | 1 | |a Разработка интерактивного командного интерпретатора для взаимодействия с онтологическими базами знаний |f И. А. Заикин |g науч. рук. А. Ф. Тузовский | |
| 203 | |a Текст |c электронный | ||
| 215 | |a 1 файл (806 Кб) | ||
| 300 | |a Заглавие с титульного листа | ||
| 300 | |a Электронная версия печатной публикации | ||
| 337 | |a Adobe Reader | ||
| 461 | 0 | |0 (RuTPU)RU\TPU\book\261117 |t Современные техника и технологии |o сборник трудов XV Международной научно-практической конференции студентов, аспирантов и молодых ученых, Томск, 4-8 мая 2009 г |o в 3 т. |f Национальный исследовательский Томский политехнический университет (ТПУ) |d 2009 | |
| 463 | 0 | |0 (RuTPU)RU\TPU\book\266450 |t Т. 2 |v [С. 208-209] |d 2009 | |
| 610 | 1 | |a электронный ресурс | |
| 610 | 1 | |a труды учёных ТПУ | |
| 610 | 1 | |a базы знаний | |
| 610 | 1 | |a онтологии | |
| 610 | 1 | |a онтологическая база знаний | |
| 610 | 1 | |a интерпретаторы | |
| 610 | 1 | |a командные технологии | |
| 610 | 1 | |a интерактивные режимы | |
| 700 | 1 | |a Заикин |b И. А. |c российский ученый, специалист в области оптимизации систем управления |c ассистент Томского политехнического университета, программист |f 1986- |g Иван Анатольевич |3 (RuTPU)RU\TPU\pers\28639 | |
| 702 | 1 | |a Тузовский |b А. Ф. |4 727 | |
| 801 | 1 | |a RU |b 63413507 |c 20130617 | |
| 801 | 2 | |a RU |b 63413507 |c 20131127 |g RCR | |
| 856 | 4 | |u http://www.lib.tpu.ru/fulltext/c/2009/C01/V2/105.pdf | |
| 942 | |c CF | ||